00390nam a2200157Ia 45000010006000000050017000060080041000230410008000640820017000721000024000892450066001132600009001793000028001886500008002166540008002241850420260306171635.0260306s9999||||xx |||||||||||||| ||und|| aESP a658.406bM86 aMorris, DanieleAUT 0aReingeniería:bcómo aplicarla con éxito en los negocios c1996 a297 páginas :c24 cm. aGEN aCAN